Noms de footballeurs compliqués - Statistiques

Statistiques générales
  • Ce quiz a été pris 92 fois
    53 depuis la dernière actualisation
  • Le résultat moyen est 10 sur 32
Statistiques - réponses
Par images Réponse % Correct
Johan Cruyff
82%
Bastian Schweinsteiger
62%
Andriy Shevchenko
60%
Martin Braithwaite
60%
Michy Batshuayi
60%
Hakan Calhanoglu
58%
Dominik Szoboszlai
49%
Khvicha Kvaratskhelia
42%
Samuel Chukwueze
42%
Zakaria Aboukhlal
42%
Pierre Lees-Melou
40%
Henrikh Mkhitaryan
38%
Grzegorz Krychowiak
31%
Lothar Matthäus
31%
Lukas Hradecky
31%
Igor Akinfeev
29%
Sime Vrsaljko
29%
Wojciech Szczesny
29%
Billy Ketkeophomphone
20%
Federico Bernardeschi
20%
Kelechi Iheanacho
20%
Siphiwe Tshabalala
16%
Jakub Blaszczykowski
13%
Karl-Heinz Rummenigge
11%
Sokratis Papastathopoulos
11%
Giovanni van Bronckhorst
9%
Eric Rabesandratana
7%
Ricky van Wolfswinkel
4%
Romain Philippoteaux
4%
Timothée Kolodziejczak
4%
Anatoliy Tymoshchuk
2%
Calvin Ughelumba
2%
Aucun quiz correspondant
Distribution des résultats
% des personnes avec chaque résultat
Percentile par nombre de réponses
Votre historique - résultats
Vous n’avez pas pris ce quiz depuis la dernière actualisation